Kreativní terapie : antistresové omalovánky /

Hlavní autor: Davies, Hannah
Další autoři: Merritt, Richard, 1982-, Taylor, Jo
Jazyk: Čeština
Vydáno: Praha : Mladá fronta, 2015
Vydání: První vydání
Témata:
Fyzický popis: 128 nečíslovaných stran : barevné ilustrace ; 30 x 21 cm
Grafika
Uloženo v:
LEADER 01559nkm a2200421 i 4500
001 001503742
003 CZ BrMZK
005 20160205105738.0
007 kf co
008 160107s2015 xr nnn e kncze
020 |a 978-80-204-3891-1  |q (brožováno) 
040 |a BOA001  |b cze  |e rda 
072 7 |a 74  |x Kresba. Umělecká řemesla  |2 Konspekt  |9 21 
080 |a 741  |2 MRF 
080 |a 613.86  |2 MRF 
080 |a (084.053.2)  |2 MRF 
080 |a (076.1)  |2 MRF 
100 1 |a Davies, Hannah  |7 mzk2015895630  |4 ill 
245 1 0 |a Kreativní terapie :  |b antistresové omalovánky /  |c ilustrace Hannah Daviesová, Richard Merritt a Jo Taylorová 
246 1 8 |a Kreativní terapie - antistresové omalovánky 
250 |a První vydání 
264 1 |a Praha :  |b Mladá fronta,  |c 2015 
300 |a 128 nečíslovaných stran :  |b barevné ilustrace ;  |c 30 x 21 cm 
336 |a statický obraz  |b sti  |2 rdacontent 
337 |a bez média  |b n  |2 rdamedia 
338 |a svazek  |b nc  |2 rdacarrier 
500 |a Podle anglického vydání 
650 0 7 |a kreslení  |7 ph121945  |2 czenas 
650 0 7 |a relaxace  |7 ph125108  |2 czenas 
655 7 |a omalovánky  |7 fd182999  |2 czenas 
655 7 |a pracovní sešity  |7 fd133116  |2 czenas 
700 1 |a Merritt, Richard,  |d 1982-  |7 mzk2016900280  |4 ill 
700 1 |a Taylor, Jo  |7 mzk2016900283  |4 ill 
765 0 8 |i Název anglického vydání:  |t Creative therapy.  |9 Česky 
910 |a BOA001  |b 4-1361.187 
990 |a GP 
991 |b 201602  |c NOV 
996 6 |b 2610656727  |c 4-1361.187  |l MZK  |r Sklad / do 1 hodiny  |n 0  |p p.v.  |w 001540864  |u 000010  |a 1  |e BOA001  |j MZK50  |s P